Socavación en pilas de puentes

Kaydedildi:
Detaylı Bibliyografya
Yazar: Mora Calderón, Luis
Materyal Türü: Kitap
Baskı/Yayın Bilgisi: San José, Costa Rica 1988
Konular:
Etiketler: Etiketle
Etiket eklenmemiş, İlk siz ekleyin!

MARC

LEADER 00000nam a2200000Ia 4500
003 004609
005 20221231144344.0
008 140114s1988 cr a m 000 ||s d
040 |c cru CEDI 
090 |a TFG 2108 
100 |a Mora Calderón, Luis  |9 13599 
245 |a Socavación en pilas de puentes  
260 |c 1988  |a San José, Costa Rica 
300 |a  vii, 88 hojas : ilustraciones ; 28 cm  
500 |a  Proyecto de graduación (licenciatura en ingeniería civil)--Universidad de Costa Rica. Facultad de Ingeniería. Escuela de Ingeniería Civil 
650 |x SOCAVACION EN PUENTES  |9 13600 
942 |c TFG 
999 |c 20635  |d 20635